A text book of Analog Electronics-1 (Record no. 5705)

MARC details
000 -LEADER
fixed length control field 00439nam a2200157Ia 4500
003 - CONTROL NUMBER IDENTIFIER
control field SGT
082 ## - DEWEY DECIMAL CLASSIFICATION NUMBER
Classification number 621.381
Item number MAL
100 ## - MAIN ENTRY--PERSONAL NAME
Personal name Malhotra,Jyoteesh
245 #2 - TITLE STATEMENT
Title A text book of Analog Electronics-1
260 ## - PUBLICATION, DISTRIBUTION, ETC. (IMPRINT)
Name of publisher, distributor, etc Eagle Prakashan (Regd.)
Place of publication, distribution, etc Jalandhar
Year of Publication 2008
300 ## - PAGE DESCRIPTION
No. of Pages V.p.
650 ## - SUBJECT ADDED ENTRY--TOPICAL TERM
Topical term or geographic name as entry element ELECTRICAL ENGINEERING
653 ## - KEYWORDS--INDEX TERM
Keyword term OBJECTIVE QUESTION BANK , TRANSISTOR BIASING, FIELD EFFECT TRANSISTOR
700 ## - ADDED ENTRY--PERSONAL NAME
Personal name Singh,A.D
942 ## - ADDED ENTRY ELEMENTS (KOHA)
Source of classification or shelving scheme Dewey Decimal Classification
Koha item type Books
Holdings
Withdrawn status Lost status Source of classification or shelving scheme Damaged status Not for loan Home library Current library Date acquired SGTU Total Checkouts Full call number Accession No. (Barcode) Date last seen Bill Date Koha item type
    Dewey Decimal Classification     SGT Engineering Library SGT Engineering Library 05/08/2014 SGTU   621.381 MAL FE6317 09/02/2015 09/02/2015 Books